000 00848cam a22002291 4500
001 s 40000043
003 DLC
005 20260227111912.0
008 880316s1939 po 000 0 por c
010 _as 40000043
035 _a(OCoLC)17637741
040 _aSmithsonian Institution
_cCoU
_dCoU
_dDLC
041 1 _aeng
_hpor
042 _apremarc
050 0 0 _aJN8502 1939
_b.A5
110 1 _aPortugal.
_bSecretariado da Propaganda Nacional
245 1 0 _aPortugal, the new state, in theory and in practice.
_bNew York World's fair, 1939.
260 _a[Lisbon, Portugal,
_bPrinted in "Editorial Império, limitada,"
_c1939]
300 _a2 p. l., 7-68, [1] p., 1 l.
_c21 cm.
500 _aA completely revised translation of O estado novo, principios o realizações, issued in 1937.
651 0 _aPortugal
_xPolitics and government
_y1933-1974.
999 _c52755
_d52755